Vista normal Vista MARC

Entrada Meeting Name

Número de registros utilizados en: 1

001 - CONTROL NUMBER

  • control field: 36096

003 - CONTROL NUMBER IDENTIFIER

  • control field: OSt

005 - DATE AND TIME OF LATEST TRANSACTION

  • control field: 20210315121325.0

008 - FIXED-LENGTH DATA ELEMENTS

  • fixed length control field: 210315|| aca||aabn | a|a d

040 ## - CATALOGING SOURCE

  • Original cataloging agency: OSt
  • Transcribing agency: OSt

111 ## - HEADING--MEETING NAME

  • Meeting name or jurisdiction name as entry element: Seminario Nacional de Archivos de Iglesias, Credos y Religiones.
  • Number of part/section/meeting: (1° :
  • Date of meeting or treaty signing: 21,22 y 23 de agosto de 1996 :
  • Location of meeting: Bogotá )

670 ## - SOURCE DATA FOUND

  • Source citation: Work cat.: (OSt): Seminario Nacional de Archivos de Iglesias, Credos y Religiones. (1° : 21,22 y 23 de agosto de 1996 : Bogotá ), Archivos de Iglesias, Credos y Religiones : , 2002